Daňové úniky má pribrzdiť nová štátna tlačiareň cenín
Štát chce mať dohľad nad výrobou kontrolných známok na alkohol a tabak. Ministerstvo financií argumentuje tým, že navrhnuté zmeny pomôžu znížiť daňové úniky.
Na minha lista:
| Autor principal: | |
|---|---|
| Formato: | Capítulo de Livro |
| Idioma: | eslovaco |
| Assuntos: | |
| Tags: |
Sem tags, seja o primeiro a adicionar uma tag!
|
MARC
| LEADER | 00000nla a2200000 4500 | ||
|---|---|---|---|
| 001 | 0174298 | ||
| 005 | 20240502072954.9 | ||
| 041 | 0 | |a slo | |
| 044 | |a SK | ||
| 245 | 1 | 0 | |a Daňové úniky má pribrzdiť nová štátna tlačiareň cenín |c Zuzana Neupauerová |
| 520 | |a Štát chce mať dohľad nad výrobou kontrolných známok na alkohol a tabak. Ministerstvo financií argumentuje tým, že navrhnuté zmeny pomôžu znížiť daňové úniky. | ||
| 610 | 2 | 0 | |a dane z hodnoty pridanej |
| 610 | 2 | 0 | |a dane spotrebné |
| 610 | 2 | 0 | |a povinnosť daňová |
| 610 | 2 | 0 | |a doklady daňové |
| 610 | 2 | 0 | |a únik daňový |
| 610 | 2 | 0 | |a ceniny |
| 610 | 2 | 0 | |a výrobky tabakové |
| 100 | 1 | |a Neupauerová, Zuzana | |